|
|
|
|
| LEADER |
00000ny a22000003n 4500 |
| 005 |
2011051103393.0 |
| 008 |
940819c19939999nz uu pss 0 0eng |
| 022 |
|
|
|a 1172-4382
|
| 022 |
|
|
|a 1177-9837
|
| 035 |
|
|
|a 2894
|
| 040 |
|
|
|a UCA
|d vLex
|
| 090 |
|
|
|c 1630
|d 1630
|
| 245 |
3 |
0 |
|a Social policy journal of New Zealand
|h [Recurso electrn̤ico]
|b Te puna whakaaro
|
| 246 |
3 |
1 |
|a Te puna whakaaro
|
| 246 |
3 |
1 |
|a Social policy journal
|
| 256 |
|
|
|a Servicio en ln̕ea
|
| 260 |
|
|
|a Wellington :
|b Social Policy Agency
|
| 506 |
1 |
|
|a Contenido solo disponible en los productos indicados
|d vLex Global
|d vLex Global (Academic Edition, excluding Law Schools)
|d vLex Global (Academic Edition, Law Schools)
|
| 651 |
|
4 |
|a Nueva Zelanda
|x Polt̕ica social
|x Publicaciones perid̤icas
|
| 740 |
0 |
|
|a vLex Revista (Servicios en ln̕ea)
|
| 843 |
|
|
|a Electrn̤ica. Cerrada
|
| 853 |
|
|
|8 1
|i (year)
|j (month)
|k (day)
|
| 856 |
4 |
0 |
|z Acceso restringido
|u http://vlex.com/account/login_ip?fuente_id=2894
|
| 942 |
|
|
|c REV
|
| 999 |
0 |
4 |
|a New Zealand
|v Periodicals.
|